Capitale {EU} - Statistics

General Stats
  • This quiz has been taken 1,638 times
  • The average score is 24 of 45
Answers on the Map
Answers color-coded by a green-red scale on the quiz's map according to % correct below.
 
Answer Stats
Réponse % Correct
Paris
98%
Madrid
96%
Rome
94%
Berlin
93%
Londres
90%
Lisbonne
89%
Dublin
81%
Bruxelles
77%
Oslo
75%
Athènes
74%
Kiev
71%
Moscou
71%
Amsterdam
69%
Stockholm
69%
Berne
68%
Varsovie
66%
Luxembourg
65%
Vienne
65%
Budapest
64%
Bucarest
61%
Helsinki
61%
Copenhague
53%
Prague
53%
Zagreb
53%
Sofia
52%
Monaco
41%
Reykjavik
39%
Riga
39%
La Valette
37%
Vatican
36%
Tirana
31%
Ljubljana
30%
Sarajevo
30%
Tallinn
30%
Vilnius
30%
Minsk
29%
Bratislava
28%
Andorre-la-Vieille
27%
Belgrade
27%
Saint-Marin
27%
Vaduz
17%
Podgorica
16%
Pristina
16%
Skopje
16%
Chisinau
15%
No matching quizzes found
Score Distribution
Percent of People with Each Score
Percentile by Number Answered
Your Score History
You have not taken this quiz